<?xml version="1.0" encoding="UTF-8"?>
<record
    xmlns:xsi="http://www.w3.org/2001/XMLSchema-instance"
    xsi:schemaLocation="http://www.loc.gov/MARC21/slim http://www.loc.gov/standards/marcxml/schema/MARC21slim.xsd"
    xmlns="http://www.loc.gov/MARC21/slim">

  <leader>02329nam a22002777a 4500</leader>
  <controlfield tag="001"> 127157 </controlfield>
  <controlfield tag="003">UA-OsUOA</controlfield>
  <controlfield tag="005">20260616103811.0</controlfield>
  <controlfield tag="007">ta</controlfield>
  <controlfield tag="008">20171121b un ||un  |||| 00| 0 ukr dukr d</controlfield>
  <datafield tag="020" ind1=" " ind2=" ">
    <subfield code="a">966317000X</subfield>
  </datafield>
  <datafield tag="040" ind1=" " ind2=" ">
    <subfield code="a">UA-OsUOA</subfield>
    <subfield code="b">ukr</subfield>
    <subfield code="c">UA-OsUOA</subfield>
    <subfield code="d">UA-OsUOA</subfield>
  </datafield>
  <datafield tag="041" ind1=" " ind2=" ">
    <subfield code="a">ukr</subfield>
  </datafield>
  <datafield tag="080" ind1=" " ind2=" ">
    <subfield code="a">82.09(477)</subfield>
  </datafield>
  <datafield tag="090" ind1=" " ind2=" ">
    <subfield code="a">82.09(477)</subfield>
    <subfield code="b">&#x421;54</subfield>
  </datafield>
  <datafield tag="100" ind1=" " ind2=" ">
    <subfield code="a">&#x421;&#x43E;&#x431;&#x43E;&#x43B;&#x44C; &#x412;.</subfield>
    <subfield code="9">25528</subfield>
  </datafield>
  <datafield tag="110" ind1=" " ind2=" ">
    <subfield code="a">&#x414;&#x43E;&#x43D;&#x435;&#x446;&#x44C;&#x43A;&#x435; &#x432;&#x456;&#x434;&#x434;&#x456;&#x43B;&#x435;&#x43D;&#x43D;&#x44F; &#x43D;&#x430;&#x443;&#x43A;&#x43E;&#x432;&#x43E;&#x433;&#x43E; &#x442;&#x43E;&#x432;&#x430;&#x440;&#x438;&#x441;&#x442;&#x432;&#x430; &#x456;&#x43C; &#x428;&#x435;&#x432;&#x447;&#x435;&#x43D;&#x43A;&#x430; ; &#x411;&#x435;&#x440;&#x434;&#x44F;&#x43D;&#x441;&#x44C;&#x43A;&#x438;&#x439; &#x434;&#x435;&#x440;&#x436;&#x430;&#x432;&#x43D;&#x438;&#x439; &#x443;&#x43D;&#x456;&#x432;&#x435;&#x440;&#x441;&#x438;&#x442;&#x435;&#x442; &#x456;&#x43C; &#x41F;. &#x41E;&#x441;&#x438;&#x43F;&#x435;&#x43D;&#x43A;&#x43E;</subfield>
    <subfield code="9">25529</subfield>
  </datafield>
  <datafield tag="245" ind1=" " ind2=" ">
    <subfield code="a">&#x41D;&#x435; &#x431;&#x443;&#x434;&#x44C;&#x43C;&#x43E; &#x442;&#x456;&#x43D;&#x44F;&#x43C;&#x438; &#x437;&#x43D;&#x438;&#x43A;&#x43E;&#x43C;&#x438;&#x43C;&#x438;</subfield>
    <subfield code="b">&#x43D;&#x430;&#x432;&#x447;&#x430;&#x43B;&#x44C;&#x43D;&#x43E;-&#x43C;&#x435;&#x442;&#x43E;&#x434;&#x438;&#x447;&#x43D;&#x438;&#x439; &#x43F;&#x43E;&#x441;&#x456;&#x431;&#x43D;&#x438;&#x43A;</subfield>
  </datafield>
  <datafield tag="260" ind1=" " ind2=" ">
    <subfield code="a">&#x414;&#x43E;&#x43D;&#x435;&#x446;&#x44C;&#x43A;</subfield>
    <subfield code="b">&#x421;&#x445;&#x456;&#x434;&#x43D;&#x438;&#x439; &#x432;&#x438;&#x434;&#x430;&#x432;&#x43D;&#x438;&#x447;&#x438;&#x439; &#x434;&#x456;&#x43C;</subfield>
    <subfield code="c">2006</subfield>
  </datafield>
  <datafield tag="300" ind1=" " ind2=" ">
    <subfield code="a">256 &#x441;.</subfield>
  </datafield>
  <datafield tag="520" ind1=" " ind2=" ">
    <subfield code="a">&#x423; &#x43A;&#x43D;&#x438;&#x437;&#x456; &#x43F;&#x43E;&#x434;&#x430;&#x43D;&#x43E; &#x430;&#x43D;&#x430;&#x43B;&#x456;&#x437; &#x442;&#x432;&#x43E;&#x440;&#x447;&#x43E;&#x441;&#x442;&#x456; &#x43C;&#x438;&#x442;&#x446;&#x456;&#x432; &#x443;&#x43A;&#x440;&#x430;&#x457;&#x43D;&#x441;&#x44C;&#x43A;&#x43E;&#x433;&#x43E; &#x43C;&#x43E;&#x434;&#x435;&#x440;&#x43D;&#x43E;&#x433;&#x43E; &#x441;&#x43B;&#x43E;&#x432;&#x430; &#x412;&#x435;&#x43B;&#x438;&#x43A;&#x43E;&#x457; &#x423;&#x43A;&#x440;&#x430;&#x457;&#x43D;&#x438; &#x456; &#x43F;&#x438;&#x441;&#x44C;&#x43C;&#x435;&#x43D;&#x43D;&#x43A;&#x456;&#x432; &#x434;&#x456;&#x430;&#x441;&#x43F;&#x43E;&#x440;&#x438;. &#x41B;&#x456;&#x442;&#x435;&#x440;&#x430;&#x442;&#x443;&#x440;&#x43E;&#x437;&#x43D;&#x430;&#x432;&#x447;&#x456; &#x43C;&#x430;&#x442;&#x435;&#x440;&#x456;&#x430;&#x43B;&#x438; &#x434;&#x43E;&#x43F;&#x43E;&#x432;&#x43D;&#x435;&#x43D;&#x43E; &#x443;&#x440;&#x438;&#x432;&#x43A;&#x430;&#x43C;&#x438; &#x437; &#x442;&#x432;&#x43E;&#x440;&#x456;&#x432; &#x42E;&#x440;&#x456;&#x44F; &#x41B;&#x438;&#x43F;&#x438;, &#x412;&#x430;&#x441;&#x438;&#x43B;&#x44F; &#x41F;&#x430;&#x447;&#x43E;&#x432;&#x441;&#x44C;&#x43A;&#x43E;&#x433;&#x43E;, &#x412;&#x43E;&#x43B;&#x43E;&#x434;&#x438;&#x43C;&#x438;&#x440;&#x430; &#x421;&#x43E;&#x441;&#x44E;&#x440;&#x438;, &#x41C;&#x430;&#x440;&#x456;&#x457; &#x41C;&#x430;&#x442;&#x456;&#x43E;&#x441;, &#x41E;&#x441;&#x442;&#x430;&#x43F;&#x430; &#x41B;&#x430;&#x43F;&#x441;&#x44C;&#x43A;&#x43E;&#x433;&#x43E;, &#x412;&#x43E;&#x43B;&#x43E;&#x434;&#x438;&#x43C;&#x438;&#x440;&#x430; &#x42F;&#x432;&#x43E;&#x440;&#x456;&#x432;&#x441;&#x44C;&#x43A;&#x43E;&#x433;&#x43E;, &#x412;&#x43E;&#x43B;&#x43E;&#x434;&#x438;&#x43C;&#x438;&#x440;&#x430; &#x414;&#x440;&#x43E;&#x437;&#x434;&#x430;, &#x41C;&#x438;&#x445;&#x430;&#x439;&#x43B;&#x430; &#x421;&#x442;&#x440;&#x435;&#x43B;&#x44C;&#x431;&#x438;&#x446;&#x44C;&#x43A;&#x43E;&#x433;&#x43E;, &#x412;&#x456;&#x43A;&#x442;&#x43E;&#x440;&#x430; &#x421;&#x430;&#x432;&#x447;&#x435;&#x43D;&#x43A;&#x430; &#x442;&#x430; &#x456;&#x43D;. &#x41E;&#x43A;&#x440;&#x435;&#x43C;&#x438;&#x439; &#x440;&#x43E;&#x437;&#x434;&#x456;&#x43B; &#x441;&#x442;&#x430;&#x43D;&#x43E;&#x432;&#x438;&#x442;&#x44C; &#x43F;&#x435;&#x440;&#x435;&#x43A;&#x43B;&#x430;&#x434;&#x438; &#x443;&#x440;&#x438;&#x432;&#x43A;&#x456;&#x432;&#x456;&#x437; &#x43F;&#x440;&#x430;&#x446;&#x44C; &#x415;&#x432;&#x438; &#x41C;. &#x422;&#x43E;&#x43C;&#x43F;&#x441;&#x43E;&#x43D; (&#x422;&#x440;&#x443;&#x431;&#x430;&#x434;&#x443;&#x440;&#x438; &#x456;&#x43C;&#x43F;&#x435;&#x440;&#x456;&#x445;. &#x41B;&#x456;&#x442;&#x435;&#x440;&#x430;&#x442;&#x443;&#x440;&#x430; &#x440;&#x43E;&#x441;&#x456;&#x439;&#x441;&#x44C;&#x43A;&#x430; &#x456; &#x43A;&#x43E;&#x43B;&#x43E;&#x43D;&#x456;&#x430;&#x43B;&#x456;&#x437;&#x43C;) &#x442;&#x430; &#x414;&#x436;&#x43E;&#x43D;&#x430;&#x442;&#x430;&#x43D;&#x430; &#x41A;&#x443;&#x43B;&#x43B;&#x435;&#x440;&#x430; (&#x422;&#x435;&#x43E;&#x440;&#x456;&#x44F; &#x43B;&#x456;&#x442;&#x435;&#x440;&#x430;&#x442;&#x443;&#x440;&#x438;. &#x421;&#x430;&#x43C;&#x43E;&#x442;&#x43E;&#x442;&#x43E;&#x436;&#x43D;&#x456;&#x441;&#x442;&#x44C;, &#x456;&#x434;&#x435;&#x43D;&#x442;&#x438;&#x444;&#x456;&#x43A;&#x430;&#x446;&#x456;&#x44F;, &#x441;&#x443;&#x431;'&#x454;&#x43A;&#x442;).
&#x41A;&#x43D;&#x438;&#x433;&#x430; &#x43F;&#x440;&#x438;&#x437;&#x43D;&#x430;&#x447;&#x435;&#x43D;&#x430; &#x434;&#x43B;&#x44F; &#x441;&#x442;&#x443;&#x434;&#x435;&#x43D;&#x442;&#x456;&#x432; &#x444;&#x456;&#x43B;&#x43E;&#x43B;&#x43E;&#x433;&#x456;&#x447;&#x43D;&#x438;&#x445; &#x444;&#x430;&#x43A;&#x443;&#x43B;&#x44C;&#x442;&#x435;&#x442;&#x456;&#x432; &#x432;&#x438;&#x449;&#x438;&#x445; &#x43D;&#x430;&#x432;&#x447;&#x430;&#x43B;&#x44C;&#x43D;&#x438;&#x445; &#x437;&#x430;&#x43A;&#x43B;&#x430;&#x434;&#x456;&#x432;&#x423;&#x43A;&#x440;&#x430;&#x457;&#x43D;&#x438;  &#x442;&#x430; &#x432;&#x441;&#x456;&#x445;, &#x445;&#x442;&#x43E; &#x446;&#x456;&#x43A;&#x430;&#x432;&#x438;&#x442;&#x44C;&#x441;&#x44F; &#x456;&#x441;&#x442;&#x43E;&#x440;&#x456;&#x454;&#x44E; &#x443;&#x43A;&#x440;&#x430;&#x457;&#x43D;&#x441;&#x44C;&#x43A;&#x43E;&#x457; &#x43B;&#x456;&#x442;&#x435;&#x440;&#x430;&#x442;&#x443;&#x440;&#x438; &#x425;&#x425;-&#x425;&#x425;&#x406; &#x441;&#x442;.</subfield>
  </datafield>
  <datafield tag="650" ind1=" " ind2="7">
    <subfield code="a">82 &#x41B;&#x456;&#x442;&#x435;&#x440;&#x430;&#x442;&#x443;&#x440;&#x430;. &#x41B;&#x456;&#x442;&#x435;&#x440;&#x430;&#x442;&#x443;&#x440;&#x43E;&#x437;&#x43D;&#x430;&#x432;&#x441;&#x442;&#x432;&#x43E;</subfield>
    <subfield code="2">UDC</subfield>
    <subfield code="9">15</subfield>
  </datafield>
  <datafield tag="942" ind1=" " ind2=" ">
    <subfield code="c">BK</subfield>
    <subfield code="2">udc</subfield>
  </datafield>
  <datafield tag="955" ind1=" " ind2=" ">
    <subfield code="a">2</subfield>
  </datafield>
  <datafield tag="999" ind1=" " ind2=" ">
    <subfield code="c">414257</subfield>
    <subfield code="d">414257</subfield>
  </datafield>
  <datafield tag="952" ind1=" " ind2=" ">
    <subfield code="0">0</subfield>
    <subfield code="1">0</subfield>
    <subfield code="2">udc</subfield>
    <subfield code="4">0</subfield>
    <subfield code="7">0</subfield>
    <subfield code="8">C_ZHULYNSKYI</subfield>
    <subfield code="a">101</subfield>
    <subfield code="b">101</subfield>
    <subfield code="d">2017-11-21</subfield>
    <subfield code="e">54/2017</subfield>
    <subfield code="g">20.00</subfield>
    <subfield code="i">157004</subfield>
    <subfield code="l">0</subfield>
    <subfield code="o">82.09(477) &#x421;54</subfield>
    <subfield code="p">157004</subfield>
    <subfield code="r">2022-02-06 00:00:00</subfield>
    <subfield code="w">2017-11-21</subfield>
    <subfield code="y">BK</subfield>
  </datafield>
  <datafield tag="952" ind1=" " ind2=" ">
    <subfield code="0">0</subfield>
    <subfield code="1">0</subfield>
    <subfield code="2">udc</subfield>
    <subfield code="4">0</subfield>
    <subfield code="7">0</subfield>
    <subfield code="8">C_Shevchuk_V.</subfield>
    <subfield code="a">101</subfield>
    <subfield code="b">101</subfield>
    <subfield code="d">2026-06-16</subfield>
    <subfield code="e">&#x410;&#x43A;&#x442; &#x2116;30/11.06.2026</subfield>
    <subfield code="g">15.00</subfield>
    <subfield code="i">170058</subfield>
    <subfield code="l">0</subfield>
    <subfield code="o">82.09(477) &#x421;54</subfield>
    <subfield code="p">170058</subfield>
    <subfield code="r">2026-06-16 10:40:11</subfield>
    <subfield code="v">15.00</subfield>
    <subfield code="w">2026-06-16</subfield>
    <subfield code="y">BK</subfield>
  </datafield>
</record>
